US Territories and Their Largest Cities - Statistics

General Stats
  • This quiz has been taken 137 times
  • The average score is 7 of 12
Answer Stats
Population Answer % Correct
3,193,694 Puerto Rico
96%
2,148,346 San Juan
93%
165,718 Guam
92%
104,914 U.S. Virgin Islands
84%
55,641 American Samoa
81%
55,194 Northern Mariana Islands
75%
3,656 Pago Pago
45%
52,263 Saipan
43%
702,455 Washington
38%
702,455 District of Columbia
37%
18,481 Charlotte Amalie
33%
44,943 Dededo
15%
No matching quizzes found
Score Distribution
Percent of People with Each Score
Percentile by Number Answered
Your Score History
You have not taken this quiz